书目信息 |
| 题名: |
外贸函电
|
|
| 作者: | 孟建国 主编 | |
| 分册: | ||
| 出版信息: | 北京 中国财政经济出版社 2011.08 |
|
| 页数: | 265页 | |
| 开本: | 28cm | |
| 丛书名: | ||
| 单 册: | ||
| 中图分类: | H315 | |
| 科图分类: | ||
| 主题词: | 英语 | |
| 电子资源: | ||
| ISBN: | 978-7-5095-2953-9 | |
| 000 | 00564nam0 2200193 450 | |
| 001 | 1156365004 | |
| 005 | 20111221154136.12 | |
| 010 | @a978-7-5095-2953-9@dCNY34.00 | |
| 100 | @a20111221d2011 km y0chiy0120 ea | |
| 101 | 0 | @achi |
| 102 | @aCN@b110000 | |
| 200 | 1 | @a外贸函电@Awai mao han dian@f孟建国主编@Fmeng jian guo zhu bian |
| 210 | @a北京@c中国财政经济出版社@d2011.08 | |
| 215 | @a265页@d28cm | |
| 606 | 0 | @a英语 |
| 690 | @aH315@v4 | |
| 701 | 0 | @a孟建国@Ameng jian guo@4主编 |
| 801 | 0 | @aCN@b大连网信软件有限公司图书馆·11@c20111221 |
| 905 | @aZUCC@dH315@eM5861 | |
| 外贸函电/孟建国主编.-北京:中国财政经济出版社,2011.08 |
| 265页;28cm |
| ISBN 978-7-5095-2953-9:CNY34.00 |
| ● |
| 相关链接 |
|
|
|
正题名:外贸函电
索取号:H315/M5861
 
预约/预借
| 序号 | 登录号 | 条形码 | 馆藏地/架位号 | 状态 | 备注 |
| 1 | 826339 | 208263396 | 语言库209/209语言库 37排4列4层/ [索取号:H315/M5861] | 在馆 | |
| 2 | 826340 | 208263403 | 语言库209/209语言库 34排7列2层/ [索取号:H315/M5861] | 在馆 | |
| 3 | 826341 | 208263412 | 语言库209/209语言库 37排4列4层/ [索取号:H315/M5861] | 在馆 |